1241 1509 1313 1507 1910 1442 1525 1374 1913 1126 1937 1306 1561 1693 1572 1550 1607 1190 1686 1235 1559 1911 1861 1339 1865 1872 1976 1999 1905 1413 1242 1289 1022 1769 1176 1303 1681 1820 1500 1314 1624 1166 1364 1135 1857 1745 1512 1948 1514 1242 1720 1426 1761 1942 1404 1625 1441 1628 1957 1072 1311 1912 1852 1356 1576 1055 1144 1696 1727 1164 1893 1158 1580 1138 1549 1349 1028 1683 1121 1246 1638 1993 1783 1687 1325 1640 1641 1551 1585 1758 1900 1994 1369 1809 1716 1187 1356 1136 1867 BCNSPRNW ULIB Ver.6.0+V

เปลี่ยนเป็นภาษาไทย

Change to English
 แสดงรายละเอียดบรรณานุกรม
  กลับหน้าหลัก

Brief Record : Get Marc (ISO 2709) : E-mail record : QR code < ปิดหน้าต่าง
LEADER : 00000nam 2200000uu 4500
001    13399108021
003     ULIB
008    110215s2543||||th 000 0 tha d
020    9747703319
060 04 QU145^bอ734ภ 2543
100 1  ดอยล์, เวนดี้
245 10 โภชนาการสำหรับแม่และเด็ก =^bHeathy mum : healthy baby /^cWendy Doyle, แปลและเรียบเรียงโดย อินทิรา ปัทมินทร
246 31 Heathy mum : healthy baby
250    พิมพ์ครั้งที่ 2
260    กรุงเทพฯ :^bข้าวฟ่าง,^c2543
300    168 หน้า :^bภาพประกอบ ;^c21 ซม.
500    แปลจาก: Healthy mum : healthy baby
650  7 โภชนาการ^xในระยะตั้งครรภ์
650  7 เด็ก^xโภชนาการ
700 0  อินทิรา ปัทมินทร,^eผู้แปล
945    ^p90^l0^i012606
945    ^p90^l0^i012607
995    ทศพร
999 ^a ใช้งานได้ทุกระบบ
รายการนี้ยังไม่มีแท็ก
คุณยังไม่ได้ล็อกอิน คุณสามารถมีกิจกรรมร่วมกับเว็บไซต์ได้ แต่ต้องล็อกอินก่อน ::
  ล็อกอิน

รายการสื่อสารสนเทศ

ลำดับที่ ประเภท เลขเรียก/บาร์โค้ด สถานที่ สถานะ
- ไม่พบข้อมูล -

BibComment


ยังไม่เคยถูกคอมเมนท์

คอมเมนท์ทรัพยากรรายการนี้
  คอมเมนท์: โภชนาการสำหรับแม่..


 Copyright 2026. Bcnsprnw @Library